Jurisdicción contencioso administrativa
ISBN:
84-340-1031-3
Descripción Física:
119 p. ; 20 cm
Colección:
Separata
MARC
| LEADER | 00000nam a2200000Ia 4500 | ||
|---|---|---|---|
| 001 | 18444 | ||
| 008 | 160829s1998 xx 000 0 cat d | ||
| 020 | |a 84-340-1031-3 | ||
| 080 | |a D-3-139 | ||
| 100 | |a Espanya. Lleis, etc. |9 23269 | ||
| 245 | |a Jurisdicción contencioso administrativa | ||
| 260 | |a Madrid : |b Boletín Oficial del Estado. Ministerio de la Presidencia, |c 1998 | ||
| 300 | |a 119 p. ; |c 20 cm | ||
| 490 | |a Separata | ||
| 590 | |a 1a reimpressió. | ||
| 590 | |a Conté: Ley 29/1998, de 13 de julio, reguladora de la Jurisdicción Contencioso-Administrativa | ||
| 650 | |a Recurs contenciós administratiu |x Legislació |x Espanya |9 23277 | ||
| 901 | |a Arxiu | ||
| 942 | |n 1 | ||
| 952 | |0 1 |1 0 |2 udc |4 0 |5 2 |6 D3139 |7 1 |9 42648 |a Arxiu |b Arxiu |d 2016-12-01 |l 0 |o D-3-139 |p 18444 |r 2016-12-01 00:00:00 |w 2016-12-01 |y ARXIU | ||
| 999 | |c 45154 |d 45154 | ||